| Tag |
First Indicator |
Second Indicator |
Subfields |
| LEADER |
00000nam a22000001i 4500 |
| 001 |
in00005658366 |
| 006 |
m |o d | |
| 007 |
cr |n||||||||| |
| 008 |
250711s2024 enk ob 001 0 eng d |
| 005 |
20250810211320.8 |
| 035 |
|
|
|a (OCoLC)1463605842
|
| 035 |
|
|
|a (OCoLC)on1463605842
|
| 040 |
|
|
|a NhCcYBP
|b eng
|e rda
|e pn
|c NhCcYBP
|
| 020 |
|
|
|a 9781139027984 (electronic bk.)
|
| 020 |
|
|
|a 1139027980 (electronic bk.)
|
| 020 |
|
|
|z 9780521760836
|
| 020 |
|
|
|z 0521760836
|
| 050 |
|
4 |
|a TA1695.5
|b .D58 2024
|
| 082 |
0 |
4 |
|a 621.36/6
|2 23/eng/20241214
|
| 100 |
1 |
|
|a Ditmire, Todd,
|e author.
|
| 245 |
1 |
0 |
|a Strong field physics :
|b ultra-intense light interaction with matter /
|c Todd Ditmire.
|
| 264 |
|
1 |
|a Cambridge ;
|a New York, NY :
|b Cambridge University Press,
|c 2024.
|
| 300 |
|
|
|a pages cm.
|
| 336 |
|
|
|a text
|b txt
|2 rdacontent
|
| 337 |
|
|
|a computer
|b c
|2 rdamedia
|
| 338 |
|
|
|a online resource
|b cr
|2 rdacarrier
|
| 520 |
|
|
|a "This book presents the foundational physics underlying the generation of high intensity laser light and its interaction with matter. Effective as both an educational resource and as a reference text, this book will be invaluable to graduates and researchers across the atomic, molecular and optical (AMO) and plasma physics communities"--
|c Provided by publisher.
|
| 504 |
|
|
|a Includes bibliographical references and index.
|
| 505 |
0 |
|
|a Introduction to strong field physics -- Strong field generation by high intensity lasers -- Strong field interactions with free electrons -- Strong field interactions with single atoms -- Strong field interactions with molecules -- Strong field nonlinear optics -- Strong field interactions with clusters -- Strong field interactions with underdense plasmas -- Strong field interactions with overdense plasmas.
|
| 588 |
|
|
|a Description based on print version record.
|
| 650 |
|
0 |
|a High power lasers.
|
| 650 |
|
6 |
|a Lasers de puissance.
|0 (CaQQLa)201-0229154
|
| 776 |
0 |
8 |
|c Original
|z 9780521760836
|z 0521760836
|w (DLC) 2024047575
|w (OCoLC)1478945398
|
| 852 |
8 |
|
|b POD
|z This title is available for the library to purchase for your use. Click the "Purchase It For Me" button to place a request. This item will take 5-10 business days to arrive.
|
| 955 |
|
|
|a Ebook POD title
|
| 961 |
|
|
|m 565731
|
| 999 |
f |
f |
|s 417de9df-ddb8-469e-9119-46776c0e3934
|i 30faa4d5-c39f-4082-89b6-cc33bbc10dc1
|t 0
|
| 952 |
f |
f |
|a Texas A&M University
|b College Station
|c Sterling C. Evans Library
|d Purchase on Demand
|t 0
|e TA1695.5 .D58 2024
|h Library of Congress classification
|
| 998 |
f |
f |
|a TA1695.5 .D58 2024
|t 0
|l Purchase on Demand
|